Algo mejores : (Record no. 192148)

MARC details
000 -LEADER
campo de control de longitud fija 00934nam a2200277 i 4500
001 - NÚMERO DE CONTROL
campo de control 192148
003 - IDENTIFICADOR DE NÚMERO DE CONTROL
campo de control ES-MaACL
005 - FECHA Y HORA DE LA ÚLTIMA TRANSACCIÓN
campo de control 20250824094045.0
008 - DATOS DE LONGITUD FIJA--INFORMACIÓN GENERAL
campo de control de longitud fija 221107s2021 sp | |||| 000 0 spa
017 ## - NÚMERO DE COPYRIGHT O DE DEPÓSITO LEGAL
Número de copyright o de depósito legal B 10745-2021
Agencia que asigna Oficina Depósito Legal Barcelona
020 ## - NÚMERO INTERNACIONAL ESTÁNDAR DEL LIBRO
Número Internacional Estándar del Libro 9788418006623
040 ## - FUENTE DE CATALOGACIÓN
Centro/agencia transcriptor ES-MaACL
080 ## - NÚMERO DE LA CLASIFICACIÓN DECIMAL UNIVERSAL
Número de la Clasificación Decimal Universal 821.134.2-92"19"
100 1# - ENTRADA PRINCIPAL--NOMBRE DE PERSONA
Nombre de persona Roig, Montserrat.
9 (RLIN) 99006
Término indicativo de función/relación Autor
245 10 - MENCIÓN DEL TÍTULO
Título Algo mejores :
Resto del título artículos (1966-1983) /
Mención de responsabilidad, etc. Montserrat Roig ; [edición y prólogo de Betsabé García]
250 ## - MENCION DE EDICION
Mención de edición 1ª edición
260 ## - PUBLICACIÓN, DISTRIBUCIÓN, ETC.
Lugar de publicación, distribución, etc. Barcelona :
Nombre del editor, distribuidor, etc. Debate,
Fecha de publicación, distribución, etc. 2021.
300 ## - DESCRIPCIÓN FÍSICA
Extensión 252 páginas ;
Dimensiones 23 cm.
500 ## - NOTA GENERAL
Nota general Apéndice documental
655 #4 - TERMINO DE INDIZACIÓN--GENERO/FORMA
Datos o término principal de género/forma Artículos
9 (RLIN) 175745
700 1# - ENTRADA AGREGADA--NOMBRE PERSONAL
Nombre de persona García, Betsabé,
Fechas asociadas al nombre 1975-
Término indicativo de función/relación Autor de introducción
9 (RLIN) 175746
852 4# - LOCALIZACIÓN
Ubicación ES-MaACL
Número de control de estantería N-8048
itemnumber 199430
Ubicación en estantería Depósito J
Sublocalización o colección R. 153173
Donativo/Legado Donación: Editorial
942 ## - ELEMENTOS DE ENTRADA SECUNDARIOS (KOHA)
Tipo de ítem Koha Libro impreso
Suprimir en OPAC No
Holdings
Estatus retirado Estado de pérdida Fuente del sistema de clasificación o colocación Estado de daño No para préstamo Biblioteca de origen Biblioteca actual Ubicación en estantería Fecha de adquisición Fuente de adquisición Total de préstamos Signatura topográfica completa Código de barras Visto por última vez Tipo de ítem Koha
    Clasificación decimal universal     Biblioteca del Ateneo de Madrid Biblioteca del Ateneo de Madrid Depósito J 07/11/2022 Donación   N-8048 101206490 23/02/2023 Libro impreso